000 00416nam a2200169Ia 4500
001 24274
003 IN-NITTTR
005 20251114233311.0
008 251113s9999||||xx |||||||||||||| ||eng||
040 _beng
040 _cIN-NITTTR
041 _aeng
082 _a005.432 S55W
100 _aSimon, Richard
245 0 _aWindows 95 :
_b common controls and messages API bible /
_cSimon, Richard
942 _2ddc
_cBK
999 _c26903
_d26903